Cities Named After People - Statistics

General Stats
  • This quiz has been taken 73 times
  • The average score is 13 of 16
Answer Stats
Hint Answer % Correct
Washington George Washington
99%
Stalingrad Joseph Stalin
97%
Saint Petersburg Saint Peter | Peter
94%
Alexandria Alexander the Great
93%
Athens Athena
91%
Victoria Queen Victoria
91%
Leningrad Vladimir Lenin
91%
Jacksonville Andrew Jackson
88%
Madison James Madison
87%
Monrovia James Monroe
87%
Ho Chi Minh City Ho Chi Minh
84%
Bismarck Otto von Bismarck
84%
Sao Paulo Saint Paul | Paul
84%
Salvador Jesus Christ
69%
Charleston King Charles II of England
43%
Denver James W. Denver
4%
No matching quizzes found
Score Distribution
Percent of People with Each Score
Percentile by Number Answered
Your Score History
You have not taken this quiz